|
|
|
|
| LEADER |
00735naa a2200181 i 4500 |
| 001 |
acta66059 |
| 005 |
20260224081030.0 |
| 008 |
200414s2001 hu o 000 hun d |
| 020 |
|
|
|a 963 00 7639 X
|
| 040 |
|
|
|a SZTE Egyetemi Kiadványok Repozitórium
|b hun
|
| 041 |
|
|
|a hun
|
| 100 |
1 |
|
|a Romsics Ignác
|
| 245 |
1 |
2 |
|a A nagyhatalmak és az Osztrák-Magyar Monarchia felbomlása
|h [elektronikus dokumentum] /
|c Romsics Ignác
|
| 260 |
|
|
|c 2001
|
| 300 |
|
|
|a 261-272
|
| 490 |
0 |
|
|a Professoribus salutem : találkozások neves történészekkel
|
| 695 |
|
|
|a Osztrák-magyar monarchia felbomlása - 1918, Nemzetközi kapcsolatok - Európa - 1918-1919
|
| 856 |
4 |
0 |
|u http://acta.bibl.u-szeged.hu/66059/1/professoribus_salutem_261-272.pdf
|z Dokumentum-elérés
|